000 00709cam a22002172 4500
001 0000000299
005 20151021151044.0
008 070122s xx 000 0 eng d
020 _a8120324757 :
_cKES 2,200
040 _aKABU
_cKABU
050 0 _aQA76.9
_b.D3O55 2004
110 2 _aOnline Training Solutions.
_@0000148417
245 1 0 _aMicrosoft Office Access 2003 step by step /
_cOnline Training Solutions.
260 _aNew Delhi :
_bPrentice Hall of India,
_c2004.
300 _axlvii, 317 p.
650 0 _aMicrosoft Access.
_@0000148418
650 0 _aDatabase management.
_@0000148184
908 _a070122
950 _@1
999 _c158
_d158